02350 a2200193 45000010006000000050017000060080041000230030015000640400040000790800035001192450071001540200018002252500011002432640056002543000020003105051688003301000028020188560110020462165920260407155507.0260407a1991 arg spa dAR-UNSa-BCEJYS aAR-UNSa-BCEJYSbspacAR-UNSa-BCEJYS a657.47xContabilidad de Costos10aContabilidad analíticapcostes,rendimientos,precios y resultados a84-7196-960-2 a4a. ed 1aMadrid :bMinisterio de Economía y Haciendac1991 a1159 p.c24 cm. a1º Parte: La contabilidad como ciencia : 1. Concepto de ciencia de la contabilidad - 2. Evolución histórica y planeamientos actuales - 3. El método en contabilidad - 4. Medición, valoración y agregación contables - 2ºParte: La conducta dela empresa y sus modelos : 5. Contabilidad presupuestaria y planeación empresarial - 6. Desarrollo presupuestario - 7. Los presupuestos financieros - 8. Contabilidad financiera - 3ºParte: Contabilidad de costos y rendimientos : 9. Contabilidad de costos - 10. los costos.conceptos y clases - 11. Método de calculo - 12. Métodos de calculo de la producción conjunta - 13. Medida de la producción y el rendimiento - 14. Costos de los materiales - 15. Coste dela mano de obra - 16. Coste de amortización y generales de fabricación - 17. Coste de financiación - 18. Estadística de costes, producción, ventas y resultados - 4º Parte: Modelos de costes :19. Modelos de costs completo - 20. Modelos de costes comerciales - 21. Modelo de contabilidad de costes por secciones - 22. Modelo francés de contabilidad analítica - 23. Modelo español de contabilidad analítica - 24. Modelo de -direct, costing - 5º Parte: Contabilidad de gestión: control y decisión: 25. Calculo del resultado interno - 26. Calculo de las desviaciones de costes - 27. Calculo de costes y política de precios - 28. Descentralización y precios de transferencia - 29.Análisis estadístico de los costes - 30. Análisis lineal de la producción y costes - 31. El cálculo matricial e la contabilidad de costes - 32. Un modelo integral de gestión: El cuadro de flujos financieros y tratamiento de la inflación. 1 aMallo Rodriguez, Carlos41uhttps://biblioeco.unsa.edu.ar/pmb/images/libros/Contabilidad Analitica.jpgyImagen de portadaqimage/jpeg